000 00611nam a22002057a 4500
999 _c763
_d763
001 10345
003 BD-DhUAP
005 20200127160417.0
008 200127s2002 ii ||||| |||| 00| 0 eng d
020 _a9848295003
040 _aBD-DhUAP
_bEng
_cBD-DhUAP
_dBD-DhUAP
082 _223
_a323 HUM
245 _aHuman rights and development /
_cEdited by Mizanur Rahman.
260 _aDhaka :
_b Empowerment through Law of the Common People,
_c2002.
300 _a455 pages ;
_c24 cm.
650 _aHuman rights
_zBangladesh.
650 _aCivil society
_zBangladesh.
700 _aRahman, Mizanur.
942 _2ddc
_cBK